[Event "SR 3. liga A2 2018/2019"]
[Site "?"]
[Date "2019.02.10"]
[Round "8.2"]
[White "Blaho, Stefan"]
[Black "Sarmir, Milos"]
[Result "0-1"]
[WhiteElo "2065"]
[BlackElo "2103"]
[PlyCount "110"]
[EventDate "2018.??.??"]

1. d4 Nf6 2. Nf3 d5 3. Bf4 e6 4. e3 Be7 5. Bd3 Nbd7 6. Nbd2 b6 7. c3 Bb7 8. Ne5
O-O 9. Qf3 Nxe5 10. dxe5 Nd7 11. Qh3 g6 12. O-O Nc5 13. Be2 Ba6 14. Bxa6 Nxa6
15. Rad1 Nc5 16. b4 Nd3 17. Nf3 Nxf4 18. exf4 a5 19. b5 Qe8 20. Nd4 Bc5 21. Nc6
a4 22. Rfe1 a3 23. Rd3 Kg7 24. Qh4 f6 25. exf6+ Rxf6 26. g3 Qd7 27. Qg4 Ra4 28.
h4 Rf5 29. Qe2 e5 30. Nxe5 Qxb5 31. Rxd5 Bxf2+ 32. Kxf2 Qxd5 33. Rd1 Qxe5 34.
Qxe5+ Rxe5 35. Rd7+ Kf8 36. fxe5 Rc4 37. Ke3 Rxc3+ 38. Kf4 h6 39. e6 Rc5 40.
Rf7+ Ke8 41. Rg7 g5+ 42. hxg5 hxg5+ 43. Ke4 Rc2 44. g4 Rxa2 45. Rxc7 Re2+ 46.
Kd5 Rd2+ 47. Ke5 a2 48. Ra7 b5 49. Kf6 Rf2+ 50. Kxg5 b4 51. Kh6 b3 52. g5 Rf1
53. g6 a1=Q 54. Rxa1 Rxa1 55. g7 Rg1 0-1

[Event "SR 3. liga A2 2018/2019"]
[Site "?"]
[Date "2019.02.10"]
[Round "8.2"]
[White "Vagovsky, Jozef"]
[Black "Bugar, Peter"]
[Result "1/2-1/2"]
[WhiteElo "1768"]
[BlackElo "2004"]
[PlyCount "99"]
[EventDate "2018.??.??"]

1. Nf3 Nf6 2. d4 c5 3. e3 cxd4 4. exd4 d5 5. Bd3 Bg4 6. Nbd2 Nc6 7. c3 e6 8.
O-O Bd6 9. Re1 Qc7 10. Nf1 Bf4 11. Bxf4 Qxf4 12. Qd2 Nh5 13. Ne5 Nxe5 14. dxe5
Qxd2 15. Nxd2 Nf4 16. Bf1 Bf5 17. Re3 h5 18. Nf3 a6 19. Rd1 Ng6 20. Nd4 Ne7 21.
Bd3 Bxd3 22. Rexd3 Nc6 23. Nxc6 bxc6 24. c4 Kd7 25. b3 Rhc8 26. Rf3 Ke7 27. Rc3
a5 28. cxd5 cxd5 29. Rdc1 Kd7 30. Kf1 Rxc3 31. Rxc3 Rb8 32. a3 Rb5 33. f4 d4
34. Rd3 Rd5 35. Ke2 f6 36. Rg3 fxe5 37. fxe5 Rxe5+ 38. Kd3 Rd5 39. Rxg7+ Kd6
40. b4 axb4 41. axb4 e5 42. Rg6+ Kc7 43. Re6 Kd7 44. Ra6 Rb5 45. Kc4 Rb8 46.
Kd5 Rxb4 47. Kxe5 Rb2 48. Rd6+ Ke7 49. Rxd4 Rxg2 50. h4 1/2-1/2

[Event "SR 3. liga A2 2018/2019"]
[Site "?"]
[Date "2019.02.10"]
[Round "8.2"]
[White "Rachela, Jozef"]
[Black "Bohunicky, Ivan"]
[Result "1/2-1/2"]
[WhiteElo "2032"]
[BlackElo "1920"]
[PlyCount "116"]
[EventDate "2018.??.??"]

1. Nf3 d5 2. g3 c5 3. c4 d4 4. Bg2 Nc6 5. O-O g6 6. e3 Bg7 7. exd4 cxd4 8. d3
Nf6 9. Re1 O-O 10. Na3 Re8 11. Nc2 Qb6 12. b3 Bf5 13. Nh4 Bg4 14. Qd2 Rad8 15.
b4 e5 16. b5 Nb8 17. Nb4 Bc8 18. Rb1 Nbd7 19. Nd5 Nxd5 20. Bxd5 Nc5 21. Ba3 Bf6
22. Nf3 Na4 23. Bb4 Qc7 24. Ng5 Be6 25. Bxe6 fxe6 26. Ne4 Be7 27. Rec1 b6 28.
Qd1 Nc5 29. Bxc5 Bxc5 30. Nf6+ Kg7 31. Nxe8+ Rxe8 32. Qf3 Rf8 33. Qe4 Bd6 34.
a4 Rf5 35. Re1 h5 36. Re2 Qf7 37. Ra2 Rf3 38. Kg2 Rf5 39. Qc6 Bc5 40. a5 h4 41.
axb6 axb6 42. Rba1 Kh6 43. f3 h3+ 44. Kf2 g5 45. Ra7 Qg6 46. g4 Rf4 47. Qa8 Bf8
48. Qc6 e4 49. dxe4 Bc5 50. Kg3 Rxf3+ 51. Kxf3 Qf6+ 52. Ke2 d3+ 53. Kxd3 Qf3+
54. Kc2 Qe2+ 55. Kc3 Qe3+ 56. Kc2 Qe2+ 57. Kc3 Qe3+ 58. Kb2 Qd2+ 1/2-1/2

[Event "SR 3. liga A2 2018/2019"]
[Site "?"]
[Date "2019.02.10"]
[Round "8.2"]
[White "Markuliak, Mario"]
[Black "Matis, Tibor"]
[Result "1/2-1/2"]
[WhiteElo "1838"]
[BlackElo "1883"]
[PlyCount "95"]
[EventDate "2018.??.??"]

1. c4 Nf6 2. Nc3 e6 3. Nf3 b6 4. g3 Bb7 5. Bg2 d5 6. cxd5 exd5 7. d4 Be7 8. O-O
O-O 9. Qb3 Nc6 10. Bg5 Na5 11. Qc2 Re8 12. Rac1 h6 13. Bf4 c6 14. Ne5 Bd6 15.
Bh3 Bc8 16. Bf5 Bxe5 17. Bxe5 Nc4 18. Bxf6 Qxf6 19. Bxc8 Raxc8 20. e3 h5 21. b3
Nd6 22. h4 Re6 23. Qe2 Qh6 24. Qa6 g5 25. Nxd5 Kh8 26. hxg5 Qxg5 27. Nf4 Rh6
28. Kg2 Rg8 29. Rxc6 h4 30. Rh1 h3+ 31. Rxh3 Rxh3 32. Kxh3 Ne4 33. Qe2 Nxg3 34.
Qf3 Qf5+ 35. Kg2 Ne4+ 36. Kh2 Rg5 37. Qh3+ Qxh3+ 38. Nxh3 Ra5 39. Rc2 Kg7 40.
Nf4 Rg5 41. Rc7 Kf6 42. Nd3 Ke6 43. Rxa7 Nd2 44. Ne5 f6 45. Nd3 Nf3+ 46. Kh3
Ng1+ 47. Kh4 Nf3+ 48. Kh3 1/2-1/2

[Event "SR 3. liga A2 2018/2019"]
[Site "?"]
[Date "2019.02.10"]
[Round "8.2"]
[White "Mezes, Kristof"]
[Black "Vlkovic, Pavol"]
[Result "0-1"]
[WhiteElo "1671"]
[BlackElo "1817"]
[PlyCount "100"]
[EventDate "2018.??.??"]

1. d4 Nf6 2. c4 e5 3. dxe5 Ng4 4. Nf3 Bc5 5. e3 Nc6 6. a3 a5 7. b3 Ngxe5 8. Bb2
Qe7 9. Nbd2 O-O 10. Nxe5 Nxe5 11. Nf3 Bd6 12. Bd3 Nxd3+ 13. Qxd3 Ra6 14. O-O
Bc5 15. Nd4 Bxd4 16. Qxd4 Rg6 17. b4 d6 18. Kh1 Qg5 19. Qd5 Qh4 20. g3 Qh3 21.
Qg2 Qh5 22. h4 Re8 23. Rad1 c6 24. Rd2 Bg4 25. f3 Be6 26. Rfd1 Bxc4 27. Rxd6
Bd5 28. Rxg6 Bxf3 29. Rxg7+ Kf8 30. Rf1 Bxg2+ 31. Kxg2 Re7 32. Rf2 Rxe3 33. Rg5
Qd1 34. Bg7+ Ke8 35. Bf6 Kd7 36. Rg8 Re8 37. Rg7 Qd5+ 38. Kh2 Re1 39. Kh3 h5
40. Rg5 Rh1+ 41. Rh2 Qe6+ 42. Kg2 Rxh2+ 43. Kxh2 Qxf6 44. Rxh5 axb4 45. axb4
Qb2+ 46. Kh3 Qxb4 47. Rg5 Ke7 48. h5 Qe4 49. Kh2 Kf6 50. Rc5 b6 0-1

[Event "SR 3. liga A2 2018/2019"]
[Site "?"]
[Date "2019.02.10"]
[Round "8.2"]
[White "Hornak, Pavol"]
[Black "Minarik, Jozef"]
[Result "1/2-1/2"]
[WhiteElo "1769"]
[BlackElo "1590"]
[PlyCount "76"]
[EventDate "2018.??.??"]

1. d4 Nf6 2. c4 e6 3. g3 d5 4. Bg2 c6 5. Nf3 Bd6 6. Nbd2 O-O 7. O-O Nbd7 8. Qc2
e5 9. cxd5 Nxd5 10. Ne4 Bc7 11. Neg5 N5f6 12. dxe5 Bxe5 13. Nxe5 Nxe5 14. Bf4
Ng6 15. Rfd1 Qa5 16. Bd2 Qe5 17. Ne4 Nxe4 18. Bxe4 Re8 19. Bf3 Bf5 20. Qc3 Qe7
21. e3 Be4 22. Bxe4 Qxe4 23. Qb4 Qxb4 24. Bxb4 Rad8 25. Bc3 Ne7 26. e4 f6 27.
f3 Kf7 28. Kf2 Ke6 29. Ke2 Ng6 30. h3 h5 31. Rac1 h4 32. f4 Kf7 33. Rxd8 Rxd8
34. f5 Ne5 35. Bxe5 fxe5 36. g4 Kf6 37. Ke3 Rd4 38. Rc5 Rd8 1/2-1/2

[Event "SR 3. liga A2 2018/2019"]
[Site "?"]
[Date "2019.02.10"]
[Round "8.3"]
[White "Danada, Tomas"]
[Black "Jakubec, Milan"]
[Result "1-0"]
[WhiteElo "2216"]
[BlackElo "1996"]
[PlyCount "69"]
[EventDate "2018.??.??"]

1. d4 d5 2. c4 e6 3. Nf3 Nf6 4. g3 c6 5. Bg2 Bd6 6. Nc3 Nbd7 7. O-O O-O 8. Nd2
dxc4 9. Nxc4 Be7 10. e4 Nb6 11. Ne3 c5 12. d5 exd5 13. exd5 Ne8 14. a4 Nd6 15.
a5 Nbc4 16. Nxc4 Nxc4 17. a6 Nd6 18. axb7 Bxb7 19. Qg4 Qc8 20. Qf4 Qd7 21. Rd1
a6 22. Be3 Nb5 23. Ne4 Rfc8 24. d6 Bd8 25. Nxc5 Rxc5 26. Bxc5 Bxg2 27. Kxg2 Bf6
28. Rd2 a5 29. Qf3 Ra6 30. Qd5 g6 31. Re1 Kg7 32. Re4 h5 33. g4 a4 34. gxh5 g5
35. h6+ 1-0

[Event "SR 3. liga A2 2018/2019"]
[Site "?"]
[Date "2019.02.10"]
[Round "8.3"]
[White "Horak, Ivan"]
[Black "Pribila, Gerhard"]
[Result "1-0"]
[WhiteElo "1985"]
[BlackElo "2139"]
[PlyCount "55"]
[EventDate "2018.??.??"]

1. e4 c5 2. b3 e5 3. Nc3 Nc6 4. Bb2 Nf6 5. g3 d6 6. Bg2 Bg4 7. f3 Be6 8. Nge2
Be7 9. O-O Qd7 10. Qe1 h5 11. Rc1 O-O-O 12. Qf2 g5 13. Nd1 Rdf8 14. c3 d5 15.
exd5 Bxd5 16. Ne3 Be6 17. d4 Kb8 18. d5 Bxd5 19. Rfd1 g4 20. Nxd5 Nxd5 21. f4
h4 22. Rxd5 Qe6 23. Rcd1 hxg3 24. hxg3 Rh5 25. Bc1 Rfh8 26. fxe5 Rf5 27. Bf4 b6
28. Rd6 1-0

[Event "SR 3. liga A2 2018/2019"]
[Site "?"]
[Date "2019.02.10"]
[Round "8.3"]
[White "Travnicek, Petr"]
[Black "Hirmajer, Jan"]
[Result "1-0"]
[WhiteElo "2114"]
[BlackElo "1895"]
[PlyCount "63"]
[EventDate "2018.??.??"]

1. d4 Nf6 2. c4 g6 3. Nc3 Bg7 4. e4 d6 5. f3 b6 6. Bd3 Na6 7. c5 O-O 8. Qa4 Nb8
9. c6 a5 10. b4 Nh5 11. Nge2 e5 12. Be3 exd4 13. Nxd4 Na6 14. Bxa6 Rxa6 15. O-O
axb4 16. Qxb4 Ra5 17. Ncb5 Be6 18. a4 Re8 19. Rac1 Bf8 20. Rfd1 Qe7 21. Nxe6
fxe6 22. Nxc7 Rb8 23. Bxb6 Rc5 24. a5 Bh6 25. Rxc5 Be3+ 26. Kf1 dxc5 27. Qb3 c4
28. Qxe3 Qh4 29. Kg1 Nf4 30. g3 Nh3+ 31. Kg2 Qh5 32. Nxe6 1-0

[Event "SR 3. liga A2 2018/2019"]
[Site "?"]
[Date "2019.02.10"]
[Round "8.3"]
[White "Zlamal, Marek"]
[Black "Ambros, Rafael"]
[Result "1/2-1/2"]
[WhiteElo "1855"]
[BlackElo "1967"]
[PlyCount "81"]
[EventDate "2018.??.??"]

1. e4 d6 2. Nf3 g6 3. c3 Nf6 4. d3 Bg7 5. Be2 O-O 6. Nbd2 c5 7. Nf1 Nc6 8. Ng3
b6 9. O-O Bb7 10. Bg5 Qd7 11. Qd2 e6 12. h3 a6 13. Rac1 Rac8 14. Rfd1 d5 15.
Qf4 Ne8 16. Bh6 Qc7 17. Qh4 Qe7 18. Ng5 Qf6 19. Bxg7 Qxg7 20. Bg4 Nd8 21. exd5
Bxd5 22. N3e4 f5 23. Bf3 h6 24. d4 hxg5 25. Nxg5 Bxf3 26. gxf3 cxd4 27. Rxd4
Qh8 28. Qg3 Nc6 29. Rd7 Rf6 30. Rh7 Qxh7 31. Nxh7 Kxh7 32. Rd1 Rf7 33. Qh4+ Kg7
34. Qc4 Ne7 35. Qxe6 Rc6 36. Qe5+ Nf6 37. Rd8 Neg8 38. Qe2 b5 39. Ra8 Rd7 40.
Qe5 Rcd6 41. Kg2 1/2-1/2

[Event "SR 3. liga A2 2018/2019"]
[Site "?"]
[Date "2019.02.10"]
[Round "8.3"]
[White "Brunovsky, Peter"]
[Black "Holiencin, Filip"]
[Result "1/2-1/2"]
[WhiteElo "1887"]
[BlackElo "1698"]
[PlyCount "66"]
[EventDate "2018.??.??"]

1. c4 c5 2. Nc3 Nc6 3. g3 g6 4. Bg2 Bg7 5. e4 Nf6 6. Nge2 O-O 7. O-O d6 8. h3
a6 9. d3 Rb8 10. Rb1 Ne8 11. Kh2 Nc7 12. Be3 Ne6 13. Qd2 Qa5 14. Bh6 Ned4 15.
Bxg7 Kxg7 16. Rbd1 Nxe2 17. Qxe2 Nd4 18. Qd2 b5 19. b3 b4 20. Ne2 Nxe2 21. Qxe2
e5 22. f4 f6 23. g4 Bd7 24. Rf2 g5 25. fxg5 fxg5 26. Rdf1 Rf4 27. Rxf4 exf4 28.
Qb2+ Kg6 29. e5 Qd8 30. Be4+ Kf7 31. exd6 Qf6 32. Qxf6+ Kxf6 33. Bxh7 Rh8
1/2-1/2

[Event "SR 3. liga A2 2018/2019"]
[Site "?"]
[Date "2019.02.10"]
[Round "8.3"]
[White "Stasek, Daniel"]
[Black "Danada, Ondrej"]
[Result "0-1"]
[WhiteElo "1616"]
[BlackElo "1869"]
[PlyCount "40"]
[EventDate "2018.??.??"]

1. e4 c6 2. d4 d5 3. Nc3 dxe4 4. Nxe4 Bf5 5. Ng3 Bg6 6. h4 h6 7. h5 Bh7 8. Nf3
Nd7 9. Bc4 Ngf6 10. Qe2 e6 11. Bd2 Bd6 12. O-O-O Qc7 13. Rhe1 Bxg3 14. fxg3
Qxg3 15. Bb4 Nd5 16. Bxd5 cxd5 17. Ne5 Nxe5 18. dxe5 Qf4+ 19. Bd2 Qa4 20. Be3
Rc8 0-1

[Event "SR 3. liga A2 2018/2019"]
[Site "?"]
[Date "2019.02.10"]
[Round "8.3"]
[White "Zajicek, Ferdinand"]
[Black "Svrcek, Daniel"]
[Result "1/2-1/2"]
[WhiteElo "1729"]
[BlackElo "1318"]
[PlyCount "115"]
[EventDate "2018.??.??"]

1. e4 e6 2. Nf3 d5 3. exd5 exd5 4. d4 Nf6 5. Nc3 c6 6. h3 Be7 7. Bd3 O-O 8. O-O
Be6 9. Re1 Re8 10. Ng5 Bb4 11. Bd2 Nbd7 12. Qf3 Bxc3 13. Bxc3 Nf8 14. Re2 h6
15. Nxe6 Rxe6 16. Rae1 Rxe2 17. Rxe2 Ne6 18. Bf5 Ng5 19. Qe3 Nfe4 20. Bxe4 Nxe4
21. Be1 Qd7 22. f3 Nf6 23. Qe7 Rd8 24. Bh4 Qxe7 25. Rxe7 g5 26. Bg3 Rd7 27. Re3
Kf8 28. Kf2 Ne8 29. h4 Re7 30. hxg5 Rxe3 31. Kxe3 hxg5 32. b3 Ke7 33. a4 Ng7
34. Kd3 Nf5 35. Bf2 Ke6 36. g4 Ne7 37. Be3 f6 38. a5 b6 39. axb6 axb6 40. Kc3
Nc8 41. Kb4 Nd6 42. c4 Nb7 43. Bf2 dxc4 44. bxc4 Kd6 45. Bg3+ Kd7 46. Bb8 Kc8
47. Bg3 Kd7 48. Kc3 Nd6 49. Kb4 Nb7 50. Kc3 Nd6 51. Kd3 b5 52. cxb5 cxb5 53.
Kc3 Nc4 54. f4 Ne3 55. fxg5 fxg5 56. Be1 Nxg4 57. Bd2 Nf6 58. Kb4 1/2-1/2

[Event "SR 3. liga A2 2018/2019"]
[Site "?"]
[Date "2019.02.10"]
[Round "8.3"]
[White "Datko, Jan"]
[Black "Kanka, Tomas"]
[Result "0-1"]
[WhiteElo "1229"]
[BlackElo "1714"]
[PlyCount "118"]
[EventDate "2018.??.??"]

1. e4 e5 2. Nf3 Nc6 3. Bb5 Nf6 4. d3 d6 5. Bxc6+ bxc6 6. Bg5 Be7 7. O-O O-O 8.
c4 h6 9. Be3 Bd7 10. b4 a5 11. bxa5 Rxa5 12. Nbd2 Qa8 13. Qc2 Ng4 14. Nb3 Nxe3
15. fxe3 Ra3 16. c5 Qa7 17. d4 exd4 18. exd4 Ra8 19. Rf2 Be6 20. Nfd2 Bg5 21.
Nc4 Bxc4 22. Qxc4 d5 23. exd5 Be3 24. Nc1 Qa6 25. Qxa6 R3xa6 26. dxc6 Bxd4 27.
Kf1 Bxf2 28. Kxf2 Rxc6 29. Nb3 Ra3 30. Ke2 Rca6 31. Nc1 Rc3 32. a4 Rxc5 33. Nb3
Rc2+ 34. Nd2 Rd6 35. Rd1 Ra2 36. a5 Rxa5 37. Nc4 Ra2+ 38. Rd2 Rdxd2+ 39. Nxd2
Kf8 40. Kd3 Rxd2+ 41. Kxd2 Ke7 42. Kd3 Ke6 43. g3 Ke5 44. h3 f5 45. Ke3 g5 46.
h4 c5 47. hxg5 hxg5 48. Kf3 Kd4 49. g4 fxg4+ 50. Kxg4 Ke3 51. Kxg5 c4 52. Kf5
c3 53. Ke5 c2 54. Kd5 c1=Q 55. Kd6 Ke4 56. Ke6 Qc6+ 57. Kf7 Kf5 58. Kg7 Qg6+
59. Kf8 Qh7 0-1

[Event "SR 3. liga A2 2018/2019"]
[Site "?"]
[Date "2019.02.10"]
[Round "8.4"]
[White "Lanc, Alois"]
[Black "Kalmar, Tamas"]
[Result "1-0"]
[WhiteElo "2286"]
[BlackElo "2090"]
[PlyCount "81"]
[EventDate "2018.??.??"]

1. e4 e6 2. d4 d5 3. Nc3 dxe4 4. Nxe4 Bd7 5. Nf3 Bc6 6. Neg5 Bd6 7. Bd3 Nf6 8.
Qe2 Bxf3 9. Nxf3 c6 10. O-O O-O 11. Bg5 Nbd7 12. Rad1 h6 13. Bc1 Qc7 14. c3 e5
15. dxe5 Nxe5 16. Nxe5 Bxe5 17. g3 Rfe8 18. Qf3 Nh7 19. Bxh7+ Kxh7 20. Qf5+ g6
21. Qh3 Re6 22. Qxh6+ Kg8 23. Qh4 Rae8 24. Qc4 Bg7 25. Qd3 Qa5 26. a3 Qh5 27.
Kg2 Bf6 28. Qf3 Qb5 29. Rd7 Kg7 30. h4 Re1 31. Qd3 Qxd3 32. Rxd3 R1e2 33. Rd2
R2e4 34. Rd7 R8e7 35. Rxe7 Rxe7 36. Be3 a6 37. Rd1 Be5 38. Bc5 Rc7 39. f4 Bf6
40. Kf3 Be7 41. Bb6 1-0

[Event "SR 3. liga A2 2018/2019"]
[Site "?"]
[Date "2019.02.10"]
[Round "8.4"]
[White "Veselsky, Jozef"]
[Black "Kozinka, Roman"]
[Result "1-0"]
[WhiteElo "2163"]
[BlackElo "1981"]
[Annotator ",Jozef"]
[PlyCount "119"]
[EventDate "2018.??.??"]

1. d4 Nf6 2. Nf3 g6 3. c4 Bg7 4. Nc3 d6 5. e4 O-O 6. Be2 e5 7. dxe5 dxe5 8.
Qxd8 Rxd8 9. Bg5 Re8 10. Nd5 Nxd5 11. cxd5 f6 12. Be3 Bf8 13. Rc1 Bd6 14. Nd2
b6 15. O-O Ba6 16. Nc4 Rd8 17. Rfe1 Bb4 18. Red1 Nd7 19. Bg4 Kf8 $11 20. a3 Be7
21. Bh6+ Ke8 22. d6 cxd6 23. Nxd6+ Bxd6 24. Rxd6 Ke7 25. Re6+ Kf7 26. Rec6 Bb5
27. Rc7 a5 28. h4 Ke7 29. Rd1 Rac8 30. Rdc1 Rxc7 31. Rxc7 Kd6 $11 32. Ra7 Bc6
33. f3 Ra8 34. Rxa8 Bxa8 35. Be3 Bc6 36. h5 Ke7 37. Kf2 Kd6 38. Ke1 Nc5 39. Kd2
Be8 40. h6 a4 41. Kc3 Bf7 42. g3 Bb3 43. Bh3 Bd1 44. Bg2 Bb3 45. Bf1 Kc6 46.
Be2 Nb7 $11 47. f4 Nd6 48. Bd3 Nf7 49. fxe5 Nxe5 50. Be2 g5 51. Bd4 Bf7 52.
Bxe5 fxe5 53. Kb4 Kd6 54. Kb5 Bb3 55. Bg4 Ke7 56. Bf5 Be6 57. Bxh7 Bd7+ 58.
Kxb6 g4 59. Kc5 Kf6 60. Kd6 1-0

[Event "SR 3. liga A2 2018/2019"]
[Site "?"]
[Date "2019.02.10"]
[Round "8.4"]
[White "Capanda, Jan"]
[Black "Csuri, Szilveszter"]
[Result "0-1"]
[WhiteElo "1892"]
[BlackElo "1953"]
[PlyCount "54"]
[EventDate "2018.??.??"]

1. e4 c5 2. Bc4 Nc6 3. a3 Nf6 4. Nc3 a6 5. d3 b5 6. Ba2 d6 7. h3 e6 8. f4 Bb7
9. Nf3 Nd4 10. O-O Nxf3+ 11. Qxf3 Be7 12. g4 Qc7 13. f5 e5 14. g5 Nd7 15. Nd5
Qd8 16. Qh5 Rf8 17. Qxh7 Nb6 18. Nxe7 Qxe7 19. Qxg7 O-O-O 20. Be3 d5 21. Qh6
Na4 22. Qh4 dxe4 23. dxe4 Nxb2 24. Rab1 Na4 25. Rbd1 Nc3 26. f6 Qc7 27. Qe1
Nxd1 0-1

[Event "SR 3. liga A2 2018/2019"]
[Site "?"]
[Date "2019.02.10"]
[Round "8.4"]
[White "Szitasi, Janos"]
[Black "Lopatievov, Alexander"]
[Result "0-1"]
[WhiteElo "1998"]
[BlackElo "1855"]
[PlyCount "168"]
[EventDate "2018.??.??"]

1. e4 c6 2. d4 d5 3. exd5 Qxd5 4. Nc3 Qa5 5. Nf3 Nf6 6. Bc4 Bg4 7. Bxf7+ Kxf7
8. Ne5+ Qxe5+ 9. dxe5 Bxd1 10. exf6 Bxc2 11. fxg7 Bxg7 12. O-O Nd7 13. Be3 Nb6
14. Rac1 Bf5 15. Rfe1 Nc4 16. Bc5 Rhe8 17. b3 Nd6 18. h3 b6 19. Be3 Rac8 20. g4
Bd3 21. f4 Nb5 22. Ne2 Bxe2 23. Rxe2 Nd4 24. Rf2 c5 25. Kg2 Red8 26. h4 Nb5 27.
Bd2 Rd3 28. h5 Rcd8 29. Be1 Rd1 30. Rxd1 Rxd1 31. Re2 Nd4 32. Re4 Nc2 33. Bh4
e6 34. g5 Nd4 35. Bf2 Rd2 36. h6 Bh8 37. Kf1 Rxa2 38. b4 a5 39. bxc5 bxc5 40.
Re3 Rc2 41. Ra3 Nc6 42. Rd3 Ke7 43. Bh4 Kf7 44. Rd7+ Kg6 45. Rd6 Ne7 46. Rxe6+
Kf7 47. Ra6 Nf5 48. Bf2 Rc4 49. Kg2 Rxf4 50. Bxc5 Bc3 51. Bb6 Rg4+ 52. Kf2 Rxg5
53. Bxa5 Bxa5 54. Rxa5 Rh5 55. Rb5 Kg6 56. Rb6+ Kg5 57. Kf3 Rh3+ 58. Kg2 Rxh6
59. Rb5 Rh4 60. Ra5 h5 61. Rb5 Re4 62. Rb8 h4 63. Kh3 Re3+ 64. Kh2 Rd3 65. Ra8
Kg4 66. Rg8+ Kf4 67. Rf8 Re3 68. Rb8 Re2+ 69. Kh3 Rd2 70. Ra8 Rd3+ 71. Kh2 Rf3
72. Ra4+ Kg5 73. Ra1 Nh6 74. Ra5+ Rf5 75. Ra7 Ng4+ 76. Kg2 Rf2+ 77. Kg1 Rb2 78.
Ra3 Kf4 79. Rh3 Rd2 80. Rb3 Ne3 81. Kh1 Re2 82. Rb8 Kg3 83. Rb1 h3 84. Ra1 Ng2
0-1

[Event "SR 3. liga A2 2018/2019"]
[Site "?"]
[Date "2019.02.10"]
[Round "8.4"]
[White "Zarecky, Eduard"]
[Black "Vegh, Vince"]
[Result "1/2-1/2"]
[WhiteElo "1817"]
[BlackElo "1933"]
[PlyCount "118"]
[EventDate "2018.??.??"]

1. d4 d5 2. c4 c6 3. Nc3 Nf6 4. Nf3 e6 5. a3 Be7 6. e3 Nbd7 7. c5 Qc7 8. b4 e5
9. dxe5 Nxe5 10. Nxe5 Qxe5 11. Bb2 O-O 12. Qc2 Qg5 13. g3 Bf5 14. Bd3 Bh3 15.
Ne2 Bg2 16. Rg1 Be4 17. Nf4 a5 18. O-O-O axb4 19. axb4 b6 20. h4 Qg4 21. Rdf1
Bxd3 22. Nxd3 bxc5 23. bxc5 Ra5 24. f3 Qe6 25. Kd2 Rb5 26. Bd4 Rfb8 27. Rb1 Qh3
28. Rxb5 Qh2+ 29. Kc3 Qxc2+ 30. Kxc2 Rxb5 31. Rb1 Rxb1 32. Kxb1 Nd7 33. Kc2 Kf8
34. Kc3 f6 35. Nb4 Nb8 36. e4 dxe4 37. fxe4 Bd8 38. Kc4 Bc7 39. g4 Ke7 40. h5
Ke6 41. Kd3 Ba5 42. Kc4 Bc7 43. Kd3 Bg3 44. Kc4 Be1 45. Nd3 Bd2 46. Nb4 Bf4 47.
Nd3 Bg3 48. Nb4 Kd7 49. h6 g6 50. Bxf6 Ke6 51. Bd4 Bf4 52. Bg1 Bd2 53. Bh2 Bxb4
54. Kxb4 Nd7 55. g5 Ne5 56. Ka5 Nc4+ 57. Ka6 Nd2 58. Kb6 Kd7 59. e5 Nc4+
1/2-1/2

[Event "SR 3. liga A2 2018/2019"]
[Site "?"]
[Date "2019.02.10"]
[Round "8.4"]
[White "Meszaros, Lorant"]
[Black "Gajarsky, Julius"]
[Result "0-1"]
[WhiteElo "1931"]
[BlackElo "1693"]
[PlyCount "86"]
[EventDate "2018.??.??"]

1. d4 f5 2. Bg5 h6 3. Bh4 g5 4. e4 Bg7 5. Qh5+ Kf8 6. Bg3 Nf6 7. Qf3 fxe4 8.
Qd1 d5 9. Be2 c6 10. Be5 Nbd7 11. h4 Nxe5 12. hxg5 hxg5 13. Rxh8+ Bxh8 14. dxe5
Qa5+ 15. c3 Nh7 16. f3 Qb6 17. fxe4 Qxg1+ 18. Kd2 Qxd1+ 19. Bxd1 Bxe5 20. exd5
Bf4+ 21. Ke1 cxd5 22. Kf2 Bc1 23. a4 Bf5 24. b4 Nf6 25. Bf3 e5 26. Na3 Bb2 27.
Ra2 Bxc3 28. Nb5 Bxb4 29. g4 Nxg4+ 30. Bxg4 Bxg4 31. Kg3 Bd7 32. Nc7 Rc8 33.
Nxd5 Be1+ 34. Kh2 Rc4 35. Re2 Rh4+ 36. Kg1 Rg4+ 37. Kf1 Bg3 38. Rc2 Bc6 39. Ne3
Rxa4 40. Ke2 Bf4 41. Nf5 Re4+ 42. Kf2 a5 43. Rc3 Bd2 0-1

[Event "SR 3. liga A2 2018/2019"]
[Site "?"]
[Date "2019.02.10"]
[Round "8.4"]
[White "Rau, Vladimir"]
[Black "Both, Lajos"]
[Result "0-1"]
[WhiteElo "1680"]
[BlackElo "1810"]
[Annotator ",Jozef"]
[PlyCount "62"]
[EventDate "2018.??.??"]

1. d4 Nf6 2. c4 b6 3. Nc3 Bb7 4. Nf3 g6 5. Bf4 Bg7 6. e3 O-O 7. Be2 c6 8. O-O
Nh5 9. Be5 f6 10. Bxb8 Rxb8 11. Nd2 f5 12. Bxh5 gxh5 13. Qxh5 e6 14. Nf3 Rf6
15. Qh4 Qe8 16. Ne5 d6 17. Nd3 Rh6 18. Qg3 Rg6 19. Qf4 Qf8 20. g3 Rg4 21. Qf3
Qf6 22. Qe2 e5 23. f3 Rg6 24. d5 $11 c5 25. Rad1 Bc8 26. f4 e4 27. Nf2 Bd7 28.
Nh3 h6 29. a4 a6 30. Qh5 Be8 31. Nf2 Rxg3+ 0-1

[Event "SR 3. liga A2 2018/2019"]
[Site "?"]
[Date "2019.02.10"]
[Round "8.4"]
[White "Rozsas, Daniel"]
[Black "Longauer, Jan"]
[Result "0-1"]
[WhiteElo "1776"]
[BlackElo "1751"]
[PlyCount "102"]
[EventDate "2018.??.??"]

1. e4 e6 2. d4 d5 3. Nc3 dxe4 4. Nxe4 Bd7 5. c3 Bc6 6. Ng3 Nf6 7. Nf3 Bxf3 8.
Qxf3 Qd5 9. Be2 Nbd7 10. Bf4 Qxf3 11. Bxf3 c6 12. O-O Be7 13. Rfe1 O-O 14. Nf5
Rfe8 15. Nd6 Bxd6 16. Bxd6 a5 17. c4 Nb6 18. b3 Nc8 19. Bf4 Rd8 20. Rad1 Ne7
21. g4 Rd7 22. Rd2 h6 23. Red1 Ng6 24. Be5 Nh4 25. Be2 Ne4 26. Rd3 Ng6 27. f3
f6 28. fxe4 fxe5 29. dxe5 Rxd3 30. Rxd3 Nxe5 31. Rd6 Kf7 32. Kg2 Ke7 33. Rd1
Rf8 34. Rf1 Rxf1 35. Kxf1 Kd6 36. Ke1 Kc5 37. Kd2 Kd4 38. a3 Kxe4 39. Kc3 c5
40. b4 axb4+ 41. axb4 b6 42. bxc5 bxc5 43. h3 g5 44. Bf1 Ke3 45. Bg2 Ng6 46.
Kb3 Nf4 47. Bc6 Nxh3 48. Ka4 Nf2 49. Bd7 Nxg4 50. Bxe6 Ne5 51. Kb5 Kd4 0-1

[Event "SR 3. liga A2 2018/2019"]
[Site "?"]
[Date "2019.02.10"]
[Round "8.5"]
[White "Pericka, Tomas"]
[Black "Jozefek, Michal"]
[Result "0-1"]
[WhiteElo "1968"]
[BlackElo "2201"]
[PlyCount "70"]
[EventDate "2018.??.??"]

1. e4 c5 2. Nf3 Nc6 3. Bb5 g6 4. c3 Bg7 5. O-O e5 6. Re1 Nge7 7. d3 O-O 8. Nbd2
d6 9. Nf1 h6 10. Be3 f5 11. Bc4+ Kh8 12. exf5 gxf5 13. d4 cxd4 14. cxd4 d5 15.
Bb3 f4 16. Bd2 e4 17. Ne5 Nxd4 18. Bc3 Nxb3 19. axb3 Nc6 20. Ng6+ Kg8 21. Bxg7
Kxg7 22. Nxf8 Kxf8 23. Qh5 Qg5 24. Qxg5 hxg5 25. Red1 Be6 26. Rac1 Rd8 27. Nd2
Ke7 28. b4 Nxb4 29. Rc7+ Rd7 30. Rxd7+ Bxd7 31. Nb3 b6 32. Kf1 Ba4 33. Rd4 Bxb3
34. Rxb4 Bc4+ 35. Ke1 b5 0-1

[Event "SR 3. liga A2 2018/2019"]
[Site "?"]
[Date "2019.02.10"]
[Round "8.5"]
[White "Vogl, Zdenek"]
[Black "Jarabek, Milan"]
[Result "1-0"]
[WhiteElo "1851"]
[BlackElo "1768"]
[PlyCount "53"]
[EventDate "2018.??.??"]

1. e4 c5 2. Nf3 d6 3. d4 cxd4 4. Nxd4 Nf6 5. Nc3 a6 6. Be3 Ng4 7. Bc4 Nxe3 8.
fxe3 e6 9. O-O Nd7 10. Bxe6 fxe6 11. Nxe6 Qh4 12. Nc7+ Kd8 13. Nxa8 Ne5 14. Rf4
Qh6 15. Qd4 g5 16. Qb6+ Ke8 17. Nc7+ Kd7 18. Rf5 Nc4 19. Qd4 Ne5 20. Na8 Bg7
21. Qb6 g4 22. Qc7+ Ke6 23. Ne2 Qxe3+ 24. Rf2 Rf8 25. Raf1 Bd7 26. Qxb7 Bb5 27.
Nc7+ 1-0

[Event "SR 3. liga A2 2018/2019"]
[Site "?"]
[Date "2019.02.10"]
[Round "8.5"]
[White "Diviak, Rudolf"]
[Black "Harastova, Viera"]
[Result "1-0"]
[WhiteElo "1786"]
[BlackElo "1822"]
[PlyCount "127"]
[EventDate "2018.??.??"]

1. e4 e5 2. Nf3 Nc6 3. Bc4 Be7 4. d3 Nf6 5. c3 d6 6. O-O O-O 7. Bb3 Bg4 8. Re1
Na5 9. Bc2 c5 10. Nbd2 Nc6 11. Nf1 b5 12. Ng3 Qd7 13. h3 Bxf3 14. Qxf3 Bd8 15.
Bg5 Ne8 16. Be3 Ne7 17. Bb3 Ng6 18. Rf1 Nc7 19. Rad1 Ne6 20. Nf5 Bg5 21. Bxg5
Nxg5 22. Qg4 Ne6 23. g3 Kh8 24. d4 c4 25. Bc2 Rg8 26. Kh2 Rad8 27. h4 Qc7 28.
h5 Ne7 29. dxe5 dxe5 30. Ne3 Rxd1 31. Rxd1 Rd8 32. Nd5 Nxd5 33. exd5 Nf8 34.
Qf5 f6 35. h6 Qf7 36. hxg7+ Qxg7 37. Rh1 Qg6 38. Rd1 Qxf5 39. Bxf5 Rd6 40. Kg2
Kg7 41. b3 cxb3 42. axb3 Nd7 43. Bxd7 Rxd7 44. c4 bxc4 45. bxc4 Kf7 46. c5 Ke7
47. Kf3 f5 48. g4 fxg4+ 49. Ke4 Kd8 50. Kxe5 Re7+ 51. Kf4 Rf7+ 52. Ke3 Rf3+ 53.
Kd4 Rxf2 54. Rh1 Rf7 55. c6 a5 56. d6 g3 57. Rb1 Rf4+ 58. Ke5 Rb4 59. Rf1 Ke8
60. c7 Rc4 61. Kd5 Rc2 62. Re1+ Kf8 63. d7 Rd2+ 64. Kc4 1-0